"Súčasný antikomunizmus a mládež " (zborník)

Bibliographic Details
Main Author: Tomeček, Vasil (Author)
Format: Article
Language:Slovak
Subjects:

MARC

LEADER 00000nab a2200000 a 4500
001 vtls008771644
003 SK-MaSNL
005 20260303071451.0
008 050513 1977 xo 000 0 slo
015 |a SNBRB1977 
040 |a SNKBUCL  |b slo  |c SNKBUCL  |e AACR2 
041 0 |a slo 
044 |a xo  |c SK 
080 |a 323.25/.26:329.15  |2 2001 
100 1 |a Tomeček, Vasil  |4 aut  |9 376490 
245 1 0 |a "Súčasný antikomunizmus a mládež "  |b (zborník)  |c Vasil Tomeček 
650 0 7 |a antikomunizmus  |2 SNKPH  |9 4750 
650 0 7 |a mládež  |2 SNKPH  |9 1575 
650 0 7 |a zborníky  |2 SNKPH  |9 108488 
655 7 |a recenzie  |2 SNKPH  |9 21907 
773 0 |t Nové slovo  |g Roč. 19, č. 2 (1977), s. 15 
787 0 8 |i Rec.:  |t Súčasný antikomunizmus a mládež 
999 |c 1760021  |d 1761951